000 00361nam a2200121Ia 4500
008 180117s9999 xx 000 0 und d
100 _aby Margie Moran Floirendo
245 _aOnce A Miss Universe, Always a Miss Universe
260 _c2017
300 _a15-18 pages, 2017 January 29
440 _aPhilippine Panorama
650 _aONCE AND ALWAYS MISS UNIVERSE
999 _c353453
_d353453